<?xml version="1.0" encoding="UTF-8"?><?xml-stylesheet type="text/xsl" href="static/style.xsl"?><OAI-PMH xmlns="http://www.openarchives.org/OAI/2.0/" xmlns:xsi="http://www.w3.org/2001/XMLSchema-instance" xsi:schemaLocation="http://www.openarchives.org/OAI/2.0/ http://www.openarchives.org/OAI/2.0/OAI-PMH.xsd"><responseDate>2026-04-29T04:09:53Z</responseDate><request verb="GetRecord" identifier="oai:repisalud.isciii.es:20.500.12105/14600" metadataPrefix="marc">https://repisalud.isciii.es/rest/oai/request</request><GetRecord><record><header><identifier>oai:repisalud.isciii.es:20.500.12105/14600</identifier><datestamp>2025-04-04T10:41:33Z</datestamp><setSpec>com_20.500.12105_2052</setSpec><setSpec>com_20.500.12105_2051</setSpec><setSpec>col_20.500.12105_19609</setSpec></header><metadata><record xmlns="http://www.loc.gov/MARC21/slim" xmlns:dcterms="http://purl.org/dc/terms/" xmlns:doc="http://www.lyncode.com/xoai" xmlns:xsi="http://www.w3.org/2001/XMLSchema-instance" xsi:schemaLocation="http://www.loc.gov/MARC21/slim http://www.loc.gov/standards/marcxml/schema/MARC21slim.xsd">
   <leader>00925njm 22002777a 4500</leader>
   <datafield ind2=" " ind1=" " tag="042">
      <subfield code="a">dc</subfield>
   </datafield>
   <datafield ind2=" " ind1=" " tag="720">
      <subfield code="a">Mistral De Pascali, Alessandra</subfield>
      <subfield code="e">author</subfield>
   </datafield>
   <datafield ind2=" " ind1=" " tag="720">
      <subfield code="a">Todeschini, Renato</subfield>
      <subfield code="e">author</subfield>
   </datafield>
   <datafield ind2=" " ind1=" " tag="720">
      <subfield code="a">Baiocchi, Simone</subfield>
      <subfield code="e">author</subfield>
   </datafield>
   <datafield ind2=" " ind1=" " tag="720">
      <subfield code="a">Ortalli, Margherita</subfield>
      <subfield code="e">author</subfield>
   </datafield>
   <datafield ind2=" " ind1=" " tag="720">
      <subfield code="a">Attard, Luciano</subfield>
      <subfield code="e">author</subfield>
   </datafield>
   <datafield ind2=" " ind1=" " tag="720">
      <subfield code="a">Ibarra-Meneses, Ana Victoria</subfield>
      <subfield code="e">author</subfield>
   </datafield>
   <datafield ind2=" " ind1=" " tag="720">
      <subfield code="a">Carrillo, Eugenia</subfield>
      <subfield code="e">author</subfield>
   </datafield>
   <datafield ind2=" " ind1=" " tag="720">
      <subfield code="a">Varani, Stefania</subfield>
      <subfield code="e">author</subfield>
   </datafield>
   <datafield ind2=" " ind1=" " tag="260">
      <subfield code="c">2022</subfield>
   </datafield>
   <datafield ind2=" " ind1=" " tag="520">
      <subfield code="a">Background: Most people infected with Leishmania remain asymptomatic, which is a common element that may promote the resurgence of clinically evident leishmaniasis in individuals with impaired cell-mediated immune responses. Unfortunately, there is no universally accepted assay to identify asymptomatic infection. This cross-sectional study focuses on the employment of three methods targeting different features of the parasitic infection to be used in combination for the screening of latent leishmaniasis in a newly endemic area of northeastern Italy. Methodology/Principle findings: The selected methods included highly sensitive Real-Time PCR for detection of parasitic kinetoplast (k)DNA in peripheral blood, Western Blot (WB) for detection of specific IgG, and Whole Blood stimulation Assay (WBA) to evaluate the anti-leishmanial T-cell response by quantifying the production of IL-2 after stimulation of patients’ blood with Leishmania specific antigens. Among 145 individuals, living in a municipality of the Bologna province, northeastern Italy, recruited and screened for Leishmania infection, 23 subjects tested positive (15.9%) to one or more tests. Positive serology was the most common marker of latent leishmaniasis (15/145, 10%), followed by the detection of specific cell-mediated response (12/145, 8%), while only few individuals (6/145, 4%) harbored parasitic DNA in the blood. Conclusions/Significance: Combining different tests substantially increased the yield of positivity in detecting latent Leishmania infection. The test combination that we employed in this study appears to be effective to accurately identify latent leishmaniasis in an endemic area.</subfield>
   </datafield>
   <datafield ind1="8" ind2=" " tag="024">
      <subfield code="a">http://hdl.handle.net/20.500.12105/14600</subfield>
   </datafield>
   <datafield ind1="8" ind2=" " tag="024">
      <subfield code="a">https://doi.org/10.4321/repisalud.14600</subfield>
   </datafield>
   <datafield tag="653" ind2=" " ind1=" ">
      <subfield code="a">Latent leishmaniasis</subfield>
   </datafield>
   <datafield tag="653" ind2=" " ind1=" ">
      <subfield code="a">Leishmania infantum</subfield>
   </datafield>
   <datafield tag="653" ind2=" " ind1=" ">
      <subfield code="a">Real time PCR</subfield>
   </datafield>
   <datafield tag="653" ind2=" " ind1=" ">
      <subfield code="a">Western Blot</subfield>
   </datafield>
   <datafield tag="653" ind2=" " ind1=" ">
      <subfield code="a">Whole Blood stimulation Assay (WBA)</subfield>
   </datafield>
   <datafield ind2="0" ind1="0" tag="245">
      <subfield code="a">Test combination to detect latent Leishmania infection: a prevalence study in a newly endemic area for L. infantum, northeastern Italy [Dataset]</subfield>
   </datafield>
</record></metadata></record></GetRecord></OAI-PMH>